Lead times (Record no. 80076)

MARC details
000 -LEADER
fixed length control field 00920cab a22001935a 4500
001 - CONTROL NUMBER
control field L143167
008 - FIXED-LENGTH DATA ELEMENTS--GENERAL INFORMATION
fixed length control field 080414e20080404xxkd f 000 0 eng d
035 ## - SYSTEM CONTROL NUMBER
System control number (Sirsi) u143167
041 0# - LANGUAGE CODE
Language code of text/sound track or separate title eng
100 1# - MAIN ENTRY--PERSONAL NAME
Personal name Moone, Brian
245 00 - TITLE STATEMENT
Title Lead times
Remainder of title February-April 2008
260 ## - PUBLICATION, DISTRIBUTION, ETC.
Date of publication, distribution, etc. 2008
490 #0 - SERIES STATEMENT
Series statement Building
Volume/sequential designation 273(8523) 4 April 2008, 82-83(2)
520 ## - SUMMARY, ETC.
Summary, etc. Gives details of lead times for various products, including piling, concrete works, structural steel frames, cladding and roofing. The period between February and April 2008 saw a stabilisation of workload, with only three packages reporting a decrease in lead times and three packages reporting an increase. Staff shortages in the areas of project management, estimating and specialist design have been reported by the specialist contractors.
590 ## - LOCAL NOTE (RLIN)
Local note KA
651 #4 - SUBJECT ADDED ENTRY--GEOGRAPHIC NAME
Geographic name United Kingdom
Chronological subdivision
690 ## - LOCAL SUBJECT ADDED ENTRY--TOPICAL TERM (OCLC, RLIN)
Topical term or geographic name as entry element BUILT ENVIRONMENT-BUILDING ELEMENTS
942 ## - ADDED ENTRY ELEMENTS (KOHA)
Suppress in OPAC 0
Holdings
Withdrawn status Lost status Source of classification or shelving scheme Damaged status Not for loan Home library Current library Shelving location Date acquired Total Checkouts Full call number Barcode Date last seen Copy number Price effective from Koha item type
    Dewey Decimal Classification     London London Journal article 14/04/2008   L143167 143167-1001 06/08/2019 1 06/08/2019 Journal article